| 000 | 00708nam a2200205 a 4500 | ||
|---|---|---|---|
| 003 | 0 | ||
| 005 | 20250307101629.0 | ||
| 008 | 090707s19uu xx 00 eng d | ||
| 050 |
_aPGS LB 1065 _b.Ag284 2009 |
||
| 100 | _aAguirre, Ann Nicole S. | ||
| 245 |
_aLearning styles of grade six students / _cAnn Nicole S. Aguirre. |
||
| 260 |
_aLas PiƱas City, Philippines : _bSouthville International School and Colleges, _c2009. |
||
| 300 |
_a20 pages : _billustrations ; _c28 cm. |
||
| 504 | _aIncludes bibliographical references. | ||
| 650 | _aLearning, Psychology of. | ||
| 650 | _aCognitive styles in children. | ||
| 650 | _aLearning strategies. | ||
| 650 | _aStudy skills. | ||
| 942 |
_2lcc _cPASS |
||
| 999 |
_c98150 _d98150 |
||